000 00306nam a2200121Ia 4500
008 220216s9999 xx 000 0 und d
100 _aRaj S
245 0 _aSolar radiation and its effects on heating
260 _bRubber Board Bulletin
_c2006
300 _a33-34
650 _aSolar radiation
942 _cBS
999 _c51182
_d51182